| 000 | 00528nam a2200205Ia 4500 | ||
|---|---|---|---|
| 005 | 20250923144501.0 | ||
| 008 | 008 250917s9999 xx 000 0 eng d | ||
| 037 | _aTextual | ||
| 040 |
_aDSWL _beng _cDSWL |
||
| 041 |
_aeng _2eng |
||
| 084 | _qDSWL | ||
| 100 |
_aDurkhiem, Emile _9825358 |
||
| 245 | 0 |
_aSucide : Study in sociology _cby Emile Durkhiem |
|
| 260 |
_aIllinois _bFree Press USA _c1951 |
||
| 300 | _a405p. | ||
| 365 |
_aUSD _b5 |
||
| 925 | _g5 | ||
| 942 | _cTEXL | ||
| 999 |
_c1439460 _d1439460 |
||